000 00504nam a22001697a 4500
005 20240816070901.0
008 240816b |||||||| |||| 00| 0 eng d
020 _a0406863091
041 _aEnglish
082 _a349 ENG
100 _lEnglish
245 _aThe All England Law Reports: Annual Review 1989
260 _aLondon:
_bButterworth and Company Publishers Ltd,
_c1989
300 _bxxxi, 348 pages;
_c25 cm.
650 _aLegal practice
_bLaw
942 _cBK
_6ALISON_BN_VRIES
999 _c2584
_d2584